Drapeaux des Pays, États non-reconnus et Territoires du Monde Random - Statistiques

Statistiques générales
  • Ce quiz a été pris 129 fois
  • Le résultat moyen est 16 sur 20
Statistiques - réponses
Par images Réponse % Correct
Afghanistan
100%
Afrique du Sud
100%
Albanie
100%
Algérie
100%
Allemagne
100%
Angola
100%
Arabie Saoudite
100%
Argentine
100%
Arménie
100%
Aruba
100%
Australie
100%
Autriche
100%
Azerbaïdjan
100%
Bahreïn
100%
Bangladesh
100%
Belgique
100%
Bhoutan
100%
Bosnie-Herzégovine
100%
Botswana
100%
Brésil
100%
Brunei
100%
Bulgarie
100%
Burundi
100%
Cambodge
100%
Canada
100%
Chili
100%
Chypre
100%
Comores
100%
Corée du Sud
100%
Côte d'Ivoire
100%
Croatie
100%
Égypte
100%
Équateur
100%
Érythrée
100%
Estonie
100%
Eswatini
100%
États-Unis
100%
Éthiopie
100%
Fidji
100%
Finlande
100%
France
100%
Géorgie
100%
Gibraltar
100%
Groenland
100%
Guadeloupe
100%
Guam
100%
Guatemala
100%
Guinée-Bissau
100%
Haïti
100%
Honduras
100%
Hongrie
100%
Îles Cook
100%
Îles Salomon
100%
Inde
100%
Indonésie
100%
Iran
100%
Irlande
100%
Israël
100%
Japon
100%
Kazakhstan
100%
Kirghizistan
100%
Koweït
100%
Laos
100%
Liban
100%
Liechtenstein
100%
Luxembourg
100%
Madagascar
100%
Malawi
100%
Maldives
100%
Maroc
100%
Mauritanie
100%
Monaco
100%
Namibie
100%
Nauru
100%
Népal
100%
Niger
100%
Nigeria
100%
Norvège
100%
Nouvelle-Calédonie
100%
Nouvelle-Zélande
100%
Oman
100%
Pakistan
100%
Palestine
100%
Panama
100%
Paraguay
100%
Pérou
100%
Philippines
100%
Polynésie française
100%
Portugal
100%
Qatar
100%
République centrafricaine
100%
République démocratique du Congo
100%
République dominicaine
100%
République du Congo
100%
Roumanie
100%
Royaume-Uni
100%
Sainte-Lucie
100%
Saint-Eustache
100%
Saint-Marin
100%
Saint-Vincent-et-les-Grenadines
100%
Salvador
100%
Samoa
100%
Serbie
100%
Singapour
100%
Sint Maarten
100%
Somaliland
100%
Sri Lanka
100%
Suède
100%
Suisse
100%
Suriname
100%
Tchad
100%
Tchéquie
100%
Togo
100%
Trinité-et-Tobago
100%
Tunisie
100%
Turquie
100%
Ukraine
100%
Uruguay
100%
Vanuatu
100%
Vatican
100%
Viêt Nam
100%
Yémen
100%
Zimbabwe
100%
Zambie
91%
Pologne
89%
Venezuela
89%
Bolivie
86%
Ouzbékistan
86%
Slovaquie
86%
Andorre
83%
Bénin
83%
Dominique
83%
Gabon
83%
Grèce
83%
Islande
83%
Jamaïque
83%
Kosovo
83%
Mexique
83%
Porto Rico
83%
Tanzanie
83%
Tonga
83%
Barbade
80%
Cameroun
80%
Colombie
80%
Guinée équatoriale
80%
Île Maurice
80%
Lesotho
80%
Macao
80%
Papouasie-Nouvelle-Guinée
80%
Russie
80%
Rwanda
80%
Sierra Leone
80%
Somalie
80%
Tadjikistan
80%
Danemark
78%
Lituanie
78%
Biélorussie
75%
Chine
75%
Cuba
75%
Djibouti
75%
Hong Kong
75%
Île Christmas
75%
Île de Man
75%
Îles Marshall
75%
Jersey
75%
Kenya
75%
Libéria
75%
Libye
75%
Malaisie
75%
Mali
75%
Martinique
75%
Monténégro
75%
Nicaragua
75%
Niue
75%
Pays-Bas
75%
Soudan du Sud
75%
Thailande
75%
Timor oriental
75%
Transnistrie
75%
Tuvalu
75%
Bonaire
71%
Costa Rica
71%
Irak
71%
Sénégal
71%
Mongolie
70%
Bahamas
67%
Bermudes
67%
Birmanie
67%
Burkina Faso
67%
Corée du Nord
67%
Espagne
67%
Gambie
67%
Ghana
67%
Guernesey
67%
Guinée
67%
Guyana
67%
Îles Féroé
67%
Îles Mariannes du Nord
67%
Îles Pitcairn
67%
Îles Turques et Caïques
67%
Îles Vierges des États-Unis
67%
Macédoine du Nord
67%
Malte
67%
Slovénie
67%
Soudan
67%
Taïwan
67%
Turkménistan
67%
Réunion
63%
Antigua-et-Barbuda
60%
Îles Vierges Britanniques
60%
Micronésie
60%
Moldavie
60%
Wallis-et-Futuna
60%
Abkhazie
50%
Åland
50%
Anguilla
50%
Belize
50%
Cap-Vert
50%
Chypre du Nord
50%
Curaçao
50%
Guyane
50%
Île de l'Ascension
50%
Île Norfolk
50%
Italie
50%
Kiribati
50%
Lettonie
50%
Ouganda
50%
Sahara occidental
50%
Saint-Pierre-et-Miquelon
50%
Syrie
50%
Sainte-Hélène
40%
Seychelles
40%
Saba
38%
Émirats arabe unis
33%
Îles Cocos (Keeling)
33%
Jordanie
33%
Montserrat
33%
Saint-Christophe-et-Niévès
33%
Tokelau
33%
Îles Malouines (Falkland)
25%
Saint-Barthélemy
22%
Îles Caïmans
17%
Mayotte
17%
Grenade
0%
Mozambique
0%
Ossétie du Sud
0%
Palaos
0%
Samoa américaines
0%
Sao Tomé-et-Principe
0%
Terres australes et antarctiques françaises
0%
Tristan da Cunha
0%
Aucun quiz correspondant
Distribution des résultats
% des personnes avec chaque résultat
Percentile par nombre de réponses
Votre historique - résultats
Vous n’avez pas pris ce quiz